9 cois@as e-mail que eu odeio em você (Record no. 73335)

MARC details
000 -LÍDER
campo de controle de tamanho fixo 00408 a2200169 4500
001 - NÚMERO DE CONTROLE
campo de controle 73335
020 ## - ISBN - INTERNATIONAL STANDARD BOOK NUMBER
ISBN - International Standard Book Number 8532245846
040 ## - FONTE DA CATALOGAÇÃO
Instituição que transcreveu o registro Anchieta - Colégio São Paulo
100 ## - ENTRADA PRINCIPAL--NOME PESSOAL
Nome pessoal Kupstas, Marcia
240 10 - TÍTULO UNIFORME
Título uniforme 9 cois@as e-mail que eu odeio em você
Idioma da obra por
245 10 - TÍTULO
Título 9 cois@as e-mail que eu odeio em você
300 ## - DESCRIÇÃO FÍSICA
Extensão 48
362 0# - DATAS DE PUBLICAÇÃO E/OU DESIGNAÇÃO SEQUENCIAL
Datas de publicação e/ou designação sequencial 2001
440 #1 - DECLARAÇÃO DE SÉRIE/ENTRADA ADICIONADA--TÍTULO
Título FTD
650 #4 - ASSUNTO--TERMO TÓPICO
Cabeçalho tópico ou nome geográfico Literatura juvenil
942 ## - ELEMENTOS DE ENTRADA ADICIONADOS (KOHA)
Tipo de material Koha Livros
Holdings
Situação do descarte Situação das perdas Situação física Não pode ser emprestado Biblioteca de origem Biblioteca atual Data de aquisição Total de empréstimos Número de chamada completo Código de barras Data de último acesso Data do preço efetivo Tipo de material Koha Fonte da classificação ou esquema de arquivamento na estante Número do exemplar
        Colégio São Paulo Colégio São Paulo 22/11/2023   LJ 028.5 K968 3491/CSP 22/11/2023 22/11/2023 Livros    
        Portinari - Salvador Portinari - Salvador 14/08/2024   028.5 K96c 7376/CCP 14/08/2024 14/08/2024 Livros   Ex. 1
        Portinari - Salvador Portinari - Salvador 14/08/2024   028.5 K96c 7819/CCP 14/08/2024 14/08/2024 Livros   Ex. 2
        Portinari - Salvador Portinari - Salvador 14/08/2024   028.5 K96c 7989/CCP 14/08/2024 14/08/2024 Livros   Ex. 3